| 000 | 00869nam a22002777a 4500 | ||
|---|---|---|---|
| 005 | 20251126144607.0 | ||
| 008 | 251126t2023 sp ||||| |||| 00| 0 spa d | ||
| 020 | _a978-84-1382-726-1 | ||
| 040 | _aIste | ||
| 041 | _aspa | ||
| 044 | _asp | ||
| 082 |
_a612.2:615.82 _bK882 |
||
| 100 |
_aKrenek, Beate _cAutor _eAutor _98322 |
||
| 245 | _aFisiología respiratoria en fisioterapia | ||
| 250 | _a1a. ed. | ||
| 260 |
_aBarcelona - España _bElsevier _c2023 |
||
| 300 |
_a246 páginas, _bgráficos, ilustraciones, tablas. |
||
| 650 |
_aFISIOLOGÍA DE LA VIA AÉREA _98323 |
||
| 650 |
_aPATOLOGÍA DE LA VÍA AÉREA _98324 |
||
| 650 |
_aPROCESO FISIOTERAPÉUTICO _98325 |
||
| 650 |
_aFISIOTERAPIA RESPIRATORIA _98326 |
||
| 650 |
_aAEROSOLTERAPIA _98327 |
||
| 653 | _aTECNOLOGÍA Y CIENCIAS MÉDICAS | ||
| 653 | _aTERAPÉUTICA | ||
| 942 |
_2udc _cLB _zUCat |
||
| 999 |
_c1667 _d1667 |
||